Macbeth quotes - Statistics

General Stats
  • This quiz has been taken 3 times
  • The average score is 2 of 9
Answer Stats
Hint Answer % Correct
Appearance vs reality Act 1 Scene 4 Stars hide your fires, let not light see my black and deep desires.
100%
Fate vs Free Will Act 1 Scene 3 If chance will have me King Why chance may crown me without my stir.
50%
Power and ambition Act 1 Scene 7 I have no spur to prick the sides of my intent but only vaulting ambition which o'erleaps itself and falls on th'other
0%
Appearance vs reality Act 1 Scene 5 Look like th'innocent flower but be the serpent under't
0%
Natural vs unnatural Act 2 Scene 1 Nature seems dead, and wicked dreams abuse the curtained sleep
0%
Power and ambition Act 1 Scene 5 That I may pour my spirits in thine ear and chastise with the valour of my tongue
0%
Power and ambition Act 1 Scene 4 The prince of cumberland, that is a step on which I must fall down or else o'erleap for in my way it lies.
0%
Guilt Act 2 scene 2 Will all great Neptune's ocean wash this blood clean from my hand
0%
Power and ambition Act 1 Scene 5 yet I do fear thy nature, it is too full o'th'milk of human kindness to catch the nearest way
0%
No matching quizzes found
Score Distribution
Percent of People with Each Score
Percentile by Number Answered
Your Score History
You have not taken this quiz